Sports Quiz

Random Sports or Auto Racing Quiz

Maiden F1 wins in consecutive races Quiz Stats

 Plays Quiz not verified by Sporcle

Score 0/40 Timer 10:00
0 Plays Today
Race pairs Driver % Correct
1950 MonacoJuan Manuel Fangio
90.8%
1950 MonacoJuan Manuel Fangio
90.8%
1951 BritishAlberto Ascari
86.2%
2006 TurkishFelipe Massa
85.5%
1950 BritishGiuseppe Farina
84.9%
2006 HungarianJenson Button
84.2%
2003 MalaysianKimi Raikkonen
82.2%
2003 BrazilianGiancarlo Fisichella
78.9%
1962 DutchGraham Hill
78.3%
1974 SpanishNiki Lauda
78.3%
1982 SwissKeke Rosberg
77.6%
1962 BelgianJim Clark
76.3%
1959 MonacoJack Brabham
72.4%
1951 French Jose Froilan Gonzalez
71%
1951 FrenchJose Froilan Gonzalez
67.8%
1973 FrenchRonnie Peterson
65.1%
1967 MonacoDenny Hulme
65.1%
1968 FrenchJacky Ickx
64.5%
1951 BelgianLuigi Fagioli (with Fangio)
61.2%
1974 South AfricanCarlos Reutemann
61.2%
Race pairs Driver % Correct
1955 MonacoMaurice Trintignant
59.9%
1956 BelgianPeter Collins
59.9%
1982 GermanPatrick Tambay
58.6%
1982 AustrianElio de Angelis
57.9%
1977 SwedishJacques Laffite
57.9%
1982 AustrianElio de Angelis
57.9%
1962 FrenchDan Gurney
56.6%
1977 BelgianGunnar Nilsson
55.9%
1973 BritishPeter Revson
54.6%
1952 SwissPiero Taruffi
53.9%
1968 BritishJo Siffert
53.3%
1967 South AfricanPedro Rodriguez
52.6%
1959 DutchJo Bonnier
52.6%
1961 USInnes Ireland
51.3%
1959 IndianapolisRodger Ward
45.4%
1950 IndianapolisJohnnie Parsons
45.4%
1959 IndianapolisRodger Ward
45.4%
1952 IndianapolisTroy Ruttman
42.1%
1955 IndianapolisBob Sweikert
40.8%
1956 IndianapolisPat Flaherty
38.8%

You're not logged in!

Compare scores with friends on all Sporcle quizzes.
OR
Log In

Show Comments

Extras

Top Quizzes Today


Score Distribution

Your Account Isn't Verified!

In order to create a playlist on Sporcle, you need to verify the email address you used during registration. Go to your Sporcle Settings to finish the process.

Report this User

Report this user for behavior that violates our Community Guidelines.

Details: